LEADER 02516nam0 2200469 i 450 001 BVEE012788 005 20170908093157.0 012 $an-an m*i* e:no eali (3) 1548 (R)$2fei 100 $a20141008d1548 ||||0itac50 ba 101 | $alat$aita 102 $ait 181 1$6z01$ai $bxxxe 182 1$6z01$an 200 1 $a˜Il œTerentio latino, comentato in lingua toscana, e ridotto a la sua uera latinità ... da Giouanni Fabrini da fighine fiorentino. Il qual comento espone parola per parola latina il toscano, e nel fine di ciascuna clausula, doue bisogna, dice breuemente in duoi, o tre modi il senso. ... Nel fine e \|! aggiunto la interpretatione de la lingua uolgare, e latina, doue si dichiara con regole generali l'una, e l'altr lingua, ... Composta dal medesimo ... 210 $aIn Venetia$d1548 215 $a\4!, 324 c.$d4º 300 $aRif.: EDIT16, CNCE48061 300 $aLa interpretatione de la lingua volgare, e latina ..., inizia a c.4B4v 300 $aStampato da Niccolò Bascarini 300 $aCors. ; rom 300 $aSegn.:*4 A-4M⁴ 300 $aIniziali xil. 316 $a1 v. (Esemplare privo di frontespizio)$5IT-NA0663, FRA 01. C 0021 316 $a1 v.$5IT-NA0079, S.Q. 21. C 46 423 0$12001 $a˜LaœInterpretatione de la lingua volgare, e latina$1700 1$aFabrini$b, Giovanni$3RMLV019379$4070 500 10$aOpera.$3BVEE008932$9CFIV069531$91479444 620 $dVenezia$3SBLL003553 700 1$aTerentius Afer$b, Publius$3CFIV069531$4070$0439355 702 1$aFabrini$b, Giovanni$3RMLV019379 712 02$asenza nome$3BVEV036975$4650 790 1$aTerentius$b, Publius Afer$3CAGV024322$zTerentius Afer, Publius 790 0$aTerenzio$3CFIV069532$zTerentius Afer, Publius 790 1$aTerenzio Afro$b, Publio$3CFIV069535$zTerentius Afer, Publius 790 1$aFabbrini$b, Giovanni$3SBNV014888$zFabrini, Giovanni 801 3$aIT$bIT-NA0079$c20141008 850 $aIT-NA0663$aIT-NA0079 912 $aBVEE012788 950 0$aBiblioteca dell'Associazione Amici degli Archivi onlus$c1 v.$d ADFRA 01. C 0021$e AD 0000020265 B 1 v. (Esemplare privo di frontespizio)$fZ $h20141008$i20141008 950 0$aBiblioteca Nazionale Vittorio Emanuele III$c1 v.$d BNS.Q. 21. C 46$e BNVA10015578915 B 1 v.$fC $h20151109$i20151109 977 $a AD$a BN 996 $aOpera$91479444 997 $aUNISANNIO LEADER 01380nam 2200409 450 001 000006309 005 20050718115200.0 010 $a0-521-27665-9 100 $a20001204d1984----km-y0itay0103----ba 101 0 $aeng 102 $aGB 200 1 $aPlant variation and evolution$fD. Briggs, S. M. Walters 205 $a2. ed. 210 $aCambridge ... [etc.]$cCambridge University Press$dc1984 215 $aXV, 412 p.$cill.$d23 cm. 606 $aPiante$xEvoluzione 606 $aGenetica vegetale 676 $a581.15$v(20. ed.)$9Fisiologia vegetale. Genetica 700 1$aBriggs,$bD.$076485 701 1$aWalters,$bStuart Max$063756 801 0$aIT$bUniversit della Basilicata - B.I.A.$gRICA$2unimarc 912 $a000006309 996 $aPlant variation and evolution$975486 997 $aUNIBAS BAS $aMONAGR BAS $aMONOGR BAS $aAGRARIA CAT $aLAGUARDIA$b01$c20001204$lBAS01$h1238 CAT $aTORRE$b20$c20010904$lBAS01$h1626 CAT $aTORRE$b20$c20031117$lBAS01$h1228 CAT $c20050601$lBAS01$h1753 CAT $abatch$b01$c20050718$lBAS01$h1049 CAT $c20050718$lBAS01$h1108 CAT $c20050718$lBAS01$h1138 CAT $c20050718$lBAS01$h1152 FMT Z30 -1$lBAS01$LBAS01$mBOOK$1BASA2$APolo Tecnico-Scientifico$2DID$BDidattica$3PTS.s2.p1.5$671658$5A71658$820001204$f04$FPrestabile Didattica LEADER 02757nam 2200577 450 001 9910458717803321 005 20200520144314.0 010 $a1-4438-6101-4 035 $a(CKB)2550000001313827 035 $a(EBL)1707013 035 $a(SSID)ssj0001305435 035 $a(PQKBManifestationID)11736684 035 $a(PQKBTitleCode)TC0001305435 035 $a(PQKBWorkID)11250325 035 $a(PQKB)10325980 035 $a(MiAaPQ)EBC1707013 035 $a(Au-PeEL)EBL1707013 035 $a(CaPaEBR)ebr10879365 035 $a(CaONFJC)MIL617143 035 $a(OCoLC)881368090 035 $a(EXLCZ)992550000001313827 100 $a20140619h20142014 uy 0 101 0 $aeng 135 $aur|n|---||||| 181 $ctxt 182 $cc 183 $acr 200 04$aThe debt crisis in the Eurozone $esocial impacts /$fedited by Nicholas P. Petropoulos and George O. Tsobanoglou ; Dionyssis Balourdos [and twenty five others], contributors 210 1$aNewcastle upon Tyne, England :$cCambridge Scholars Publishing,$d2014. 210 4$d2014 215 $a1 online resource (556 p.) 300 $aDescription based upon print version of record. 311 $a1-4438-5630-4 311 $a1-306-85892-5 320 $aIncludes bibliographical references at the end of each chapters and index. 327 $aTABLE OF CONTENTS; PROLOGUE; PART I; CHAPTER ONE; CHAPTER TWO; CHAPTER THREE; CHAPTER FOUR; CHAPTER FIVE; PART II; CHAPTER SIX; CHAPTER SEVEN; CHAPTER EIGHT; CHAPTER NINE; PART III; CHAPTER TEN; CHAPTER ELEVEN; CHAPTER TWELVE; CHAPTER THIRTEEN; PART IV; CHAPTER FOURTEEN; CHAPTER FIFTEEN; CHAPTER SIXTEEN; PART V; CHAPTER SEVENTEEN; CHAPTER EIGHTEEN; CHAPTER NINETEEN; CHAPTER TWENTY; CONCLUSIONS AND RECOMMENDATIONS; CHAPTER TWENTY-ONE; CONTRIBUTORS; INDEX 330 $aDuring the past four years, the countries of the European periphery - the so-called PIIGS (Portugal, Ireland, Italy, Greece and Spain) - have been experiencing an economic-financial crisis that can only be compared to the Great Depression. To solve the crisis, the EU and the IMF instituted bailout programs for the debit countries on conditions of austerity and structural reforms. In this volume, twenty social scientists - sociologists, political economists, political scientists, social demog... 606 $aFinancial crises$zEurope 608 $aElectronic books. 615 0$aFinancial crises 676 $a330.940561 702 $aPetropoulos$b Nicholas P. 702 $aTsobanoglou$b George O. 702 $aBalourdos$b Dionyssis 801 0$bMiAaPQ 801 1$bMiAaPQ 801 2$bMiAaPQ 906 $aBOOK 912 $a9910458717803321 996 $aThe debt crisis in the Eurozone$91969953 997 $aUNINA